00409 2200169 4500001002100000005001500021008004100036035001900077041000700096082000800103090001400111100001200125245003000137260003500167300002000202650001700222INLIS00000000001904420241224115625241224||||||||| | ||| |||| || |  0010-1224019044 aid0 a813 a813 HID m0 aHIDAYAT00aMENABUNG BEKAL MASA DEPAN aBandungbMULTI ADIWIYATAc2007 a77hlm;14,5x21cm 0acerita fiksi